00812nam a2200217Ia 4500003000900000008004100009020001800050040001600068080002300084100002900107245011800136260003700254300001400291490005100305650002500356650002700381650001800408942000700426999001700433952014400450IN-BaIIA211028s9999 xx 000 0 eng d a0-7923-2793-4 cIIA Library a52(082.2)bASS-189 aStenflo, Jan Olof919303 0aSolar magnetic fieldsbpolarized radiation diagnosticscJan Olof Stenflo  aDordrechtbKluwer Academicc1994 axv, 385p. aAstrophysics and space science library; v. 189 aMagnetic fields9530 aSolar magnetism930105 aSolar physics cBK c16272d16272 00104070aBANbKODcGENd2006-11-06ePBPL g10539.00l0o52(082.2)/ ASS-189p17194r2021-11-05v10539.00w2006-11-06yBKGRs. 10539.00